| 000 | 01732nam a22002297a 4500 | ||
|---|---|---|---|
| 999 |
_c60348 _d60348 |
||
| 003 | Ge_BSU | ||
| 005 | 20230703100059.0 | ||
| 008 | 230703s2011ge xxu||||| |||| 00| 0 geo d | ||
| 020 | _a9789941437137 | ||
| 041 | _ageo | ||
| 080 | _a821.14'01.09 გ-70 | ||
| 100 |
_aგორდეზიანი, რისმაგ, ავტორი. _919086 |
||
| 245 |
_aბერძნული ლიტერატურა. [ტ.] 1, _bელინური ეპოქის ეპოსი, ლირიკა, დრამა / _cრისმაგ გორდეზიანი ; [რედ. ნანა ტონია] ; |
||
| 250 | _aმე-3 შესწორებული და გავრცობილი გამოცემ | ||
| 264 |
_aთბილისი : _bლოგოსი, _c2011. |
||
| 300 |
_a582 გვ. _b22 სმ. |
||
| 440 |
_aპროგრამა ”ლოგოსი” : პუბლიკაციები და ღონისძიებები კლასიკური ფილოლოგიის, ბიზანტინისტიკისა და ნეოგრეცისტიკის სფეროში _93642 |
||
| 653 | _aძველი ბერძნული ლიტერატურის ისტორია და კრიტიკა. | ||
| 700 |
_aტონია, ნანა _eრედაქტორი _919128 |
||
| 710 |
_aთბილისის სახელმწიფო უნივერსიტეტი. კლასიკური ფილოლოგიის, ბიზანტინისტიკისა და ნეოგრეცისტიკის ინსტიტუტი _919129 |
||
| 942 |
_2udc _cBK |
||